000 00877pab a2200157 454500
008 180718b2006 xxu||||| |||| 00| 0 eng d
100 _aDhameja, Nand
245 _aPSU disinvestment in India: process and policy-changing scenario
260 _c2006
300 _ap.1-12.
362 _aJan - Mar
520 _aThough the public sector in India has occupied a prominent place, it has changed over the years with the initiation of economic reforms and liberalisation measures. Certain enterprises have been categorized as `navratna', some have been included in another category, namely, `mini-ratnas' giving them greater financial and operational autonomy so that these profit-making enterprises are able to operate in a framework that will be `depoliticised, deregulated and debureaucratised'. - Reproduced.
650 _aPublic sector
773 _aVision
909 _a69824
999 _c69824
_d69824